000 00564nam a2200205 a 4500
001 000033657
003 DO-SdBNP
005 20220825090755.0
007 ta
008 110905s1940 dr 000 0 spa d
040 _aDO-SdBNP
_bspa
_cBNPHU
082 _axxx
_bA729c
100 _aArmin
_959125
245 1 3 _aLa ciudad de madera :
_brelato novelesco /
_cArmin.
260 _aCiudad Trujillo, República Dominicana :
_bImprenta Echavarria,
_c1940.
300 _a104 p. ;
_c21 cm.
590 _aInventariado, 2022/ YL
910 _aYLockward
942 _2ddc
_cLBS1
999 _c33148
_d33148